| 000 | 00703nam a2200217 a 4500 | ||
|---|---|---|---|
| 001 | BRL_418 | ||
| 005 | 20190320210731.0 | ||
| 008 | 070813s1965----sp-######d---#000-0#spa-# | ||
| 041 | _aspa | ||
| 044 | _asp | ||
| 050 | 4 |
_aPC4625 _b.D53 1970 |
|
| 245 | 1 | 0 |
_aDiccionario Durvan de la lengua Española _bContiene en su integridad el Léxico y tomo 20 de la Gran enciclopedia del mundo _cpublicado bajo los auspicios de Ramón Menéndez Pidal. |
| 260 |
_aBarcelona _bDurvan _c1970 |
||
| 300 |
_a1312 p. _c26 cm. |
||
| 500 | _aAu417 | ||
| 500 | _aLe falta el queratol del lomo. | ||
| 650 | 1 | 4 |
_aEspañola _vDiccionarios _923868 |
| 700 | 1 |
_aMenéndez Pidal, Ramón _923869 |
|
| 902 | _aGRL | ||
| 942 |
_2lcc _cB |
||
| 999 |
_c9231 _d9231 |
||